To live in love. (Record no. 5776)

000 -LEADER
fixed length control field 00562nam a2200181 a 4500
001 - CONTROL NUMBER
control field :::00003518$&:&@@
003 - CONTROL NUMBER IDENTIFIER
control field OkBaRHE
005 - DATE AND TIME OF LATEST TRANSACTION
control field 20000607103306.0
008 - FIXED-LENGTH DATA ELEMENTS--GENERAL INFORMATION
fixed length control field s1967 j 000 0 eng u
040 ## - CATALOGING SOURCE
Transcribing agency
100 1# - MAIN ENTRY--PERSONAL NAME
Personal name Guder, Eileen L.
245 10 - TITLE STATEMENT
Title To live in love.
260 ## - PUBLICATION, DISTRIBUTION, ETC. (IMPRINT)
Place of publication, distribution, etc Grand Rapids, MI., :
Name of publisher, distributor, etc Zondervan
Date of publication, distribution, etc c1967
300 ## - PHYSICAL DESCRIPTION
Extent 192 p. ;
Dimensions 21 cm.
650 ## - SUBJECT ADDED ENTRY--TOPICAL TERM
Topical term or geographic name as entry element Bible New Testament 1 Corinthians 13
General subdivision Devotional Literature
942 ## - ADDED ENTRY ELEMENTS (KOHA)
Source of classification or shelving scheme
Koha item type Books
Copies
Koha item type Shelving location Lost status Copy number Source of classification or shelving scheme Permanent Location Withdrawn status Damaged status Total Renewals Not for loan Price effective from Current Location Date checked out Barcode Date last seen Total Checkouts Date acquired Full call number
BooksGeneral Stacks 1 RHEMA Bible Training College  4 2010-04-14RHEMA Bible Training College2022-01-0335182022-01-2812010-04-14BS 2675.4 .G8